|
|
|
|
| LEADER |
00000nab a2200000 ar4500 |
| 001 |
vtls008413246 |
| 003 |
SK-MaSNL |
| 005 |
20260303070219.0 |
| 008 |
051202c2005 xo mr|p|||||||000 b|slo |
| 015 |
|
|
|a SNBRB2005/12
|2 snkbucl
|
| 038 |
|
|
|a SNKBUCL
|
| 040 |
|
|
|a SNKBUCL
|b slo
|c SNKBUCL
|e AACR2
|
| 041 |
0 |
|
|a slo
|
| 044 |
|
|
|a xo
|c SK
|
| 080 |
|
|
|a 725.388
|2 UDC-MRF-SK2
|
| 100 |
1 |
|
|a Bakoš, Aleš
|4 aut
|9 817850
|
| 245 |
1 |
0 |
|a Zastávkové prístrešky Aureo
|c Aleš Bakoš
|
| 246 |
3 |
1 |
|a Fotogr.
|
| 650 |
0 |
7 |
|a Aureo (zastávkové prístrešky)
|2 snkbucl
|9 1067330
|
| 650 |
0 |
7 |
|a zastávkové prístrešky
|2 snkbucl
|9 841159
|
| 773 |
0 |
|
|t ARCH
|g Roč. 10, č. 10 (2005), s. 6
|x 1335-3268
|
| 852 |
|
|
|a SNK
|b KIS3GCP
|
| 999 |
|
|
|c 1754411
|d 1756341
|